Harry Potter Deaths - Statistics

General Stats
  • This quiz has been taken 140 times
  • The average score is 12 of 18
Answer Stats
Hint Answer % Correct
Voldemort Harry Potter
100%
James and Lily Potter Voldemort
98%
Dobby Bellatrix Lestrange
92%
Sirius Black Bellatrix Lestrange
92%
Albus Dumbledore Severus Snape
92%
Bellatrix Lestrange Molly Weasley
91%
Severus Snape Nagini
84%
Cedric Diggory Peter Pettigrew
84%
Peter Pettigrew Himself
83%
Moaning Myrtle Basilisk
73%
Lavender Brown Fenrir Greyback
69%
Kendra Dumbledore Ariana Dumbledore
55%
Helena Ravenclaw The Bloody Baron
54%
Regulus Black Inferi
48%
Broderick Bode Devil's Snare
26%
Bogrod Ukranian Ironbelly
26%
Craig Bowker, Jr Delphini
15%
Fenrir Greyback Sybill Trelawney
15%
No matching quizzes found
Score Distribution
Percent of People with Each Score
Percentile by Number Answered
Your Score History
You have not taken this quiz